|
|
|
|
| LEADER |
02990nam a22005895i 4500 |
| 001 |
978-0-306-47068-4 |
| 003 |
DE-He213 |
| 005 |
20151204172353.0 |
| 007 |
cr nn 008mamaa |
| 008 |
100301s2002 xxu| s |||| 0|eng d |
| 020 |
|
|
|a 9780306470684
|9 978-0-306-47068-4
|
| 024 |
7 |
|
|a 10.1007/b115035
|2 doi
|
| 040 |
|
|
|d GrThAP
|
| 050 |
|
4 |
|a QC176-176.9
|
| 072 |
|
7 |
|a PNFS
|2 bicssc
|
| 072 |
|
7 |
|a SCI077000
|2 bisacsh
|
| 082 |
0 |
4 |
|a 530.41
|2 23
|
| 100 |
1 |
|
|a Fujita, Shigeji.
|e author.
|
| 245 |
1 |
0 |
|a Quantum Statistical Theory of Superconductivity
|h [electronic resource] /
|c by Shigeji Fujita, Salvador Godoy.
|
| 264 |
|
1 |
|a Boston, MA :
|b Springer US,
|c 2002.
|
| 300 |
|
|
|a XX, 338 p.
|b online resource.
|
| 336 |
|
|
|a text
|b txt
|2 rdacontent
|
| 337 |
|
|
|a computer
|b c
|2 rdamedia
|
| 338 |
|
|
|a online resource
|b cr
|2 rdacarrier
|
| 347 |
|
|
|a text file
|b PDF
|2 rda
|
| 490 |
1 |
|
|a Selected Topics in Superconductivity
|
| 505 |
0 |
|
|a Free-Electron Model for a Metal -- Lattice Vibrations -- Liquid Helium -- Bloch Electrons; Band Structures -- Second Quantization; Equation-of-Motion Method -- Interparticle Interaction; Perturbation Methods -- Superconductors at 0 K -- Bose-Einstein Condensation of Pairons -- Superconductors below Tc -- Supercurrents, Flux Quantization, and Josephson Effects -- Compound Superconductors -- High-Tc Superconductors -- Summary and Remarks.
|
| 520 |
|
|
|a In this text, Shigeji Fujita and Salvador Godoy guide first and second-year graduate students through the essential aspects of superconductivity. The authors open with five preparatory chapters thoroughly reviewing a number of advanced physical concepts-such as free-electron model of a metal, theory of lattice vibrations, and Bloch electrons. The remaining chapters deal with the theory of superconductivity-describing the basic properties of type I, type II compound, and high-Tc superconductors as well as treating quasi-particles using Heisenberg's equation of motion. The book includes step-by-step derivations of mathematical formulas, sample problems, and illustrations.
|
| 650 |
|
0 |
|a Physics.
|
| 650 |
|
0 |
|a Condensed matter.
|
| 650 |
|
0 |
|a Solid state physics.
|
| 650 |
|
0 |
|a Crystallography.
|
| 650 |
|
0 |
|a Spectroscopy.
|
| 650 |
|
0 |
|a Microscopy.
|
| 650 |
|
0 |
|a Electrical engineering.
|
| 650 |
|
0 |
|a Materials science.
|
| 650 |
1 |
4 |
|a Physics.
|
| 650 |
2 |
4 |
|a Solid State Physics.
|
| 650 |
2 |
4 |
|a Spectroscopy and Microscopy.
|
| 650 |
2 |
4 |
|a Condensed Matter Physics.
|
| 650 |
2 |
4 |
|a Crystallography.
|
| 650 |
2 |
4 |
|a Electrical Engineering.
|
| 650 |
2 |
4 |
|a Characterization and Evaluation of Materials.
|
| 700 |
1 |
|
|a Godoy, Salvador.
|e author.
|
| 710 |
2 |
|
|a SpringerLink (Online service)
|
| 773 |
0 |
|
|t Springer eBooks
|
| 776 |
0 |
8 |
|i Printed edition:
|z 9780306453632
|
| 830 |
|
0 |
|a Selected Topics in Superconductivity
|
| 856 |
4 |
0 |
|u http://dx.doi.org/10.1007/b115035
|z Full Text via HEAL-Link
|
| 912 |
|
|
|a ZDB-2-PHA
|
| 912 |
|
|
|a ZDB-2-BAE
|
| 950 |
|
|
|a Physics and Astronomy (Springer-11651)
|